El negro que hizo esperar a los ángeles / (Registro nro. 9689)

Detalles MARC
000 -LIDER
fixed length control field 00970nam a2200241 4500
001 - NÚMERO DE CONTROL
Identificador de número de control 00234
003 - IDENTIFICACDOR DE NÚMERO DE CONTROL
control field DO-SdBNP
005 - DATE AND TIME OF LATEST TRANSACTION
control field 20231027134936.0
007 - CAMPOS FIJOS DE DESCRIPCIÓN FÍSICA
fixed length control field 00234
008 - ELEMENTOS DE LONGITUD FIJA
fixed length control field 160411b19uu|| 00| 0 spa d
040 ## - FUENTE DE CATALOGACIÓN
Agencia que crea de manera original el registro BPMSU
Idioma de catalogación spa
Agencia que realiza la transcripción BPMSU
082 #4 - NÚMERO DE CLASIFICACIÓN DECIMAL DE DEWEY
Classification number Co863.44
Item number G216n
Edition number 22
100 1# - ASIENTO PRINCIPAL -- NOMBRE PERSONAL
Nombre personal García Márquez, Gabriel,
Fechas asociadas con el nombre 1927-2014
245 1# - MENCIÓN DE TITULO
Título El negro que hizo esperar a los ángeles /
Mención de responsabilidad Gabriel García Márquez.
260 ## - PUBLICACIÓN, DISTRIBUCIÓN, ETC. (PIE DE IMPRENTA)
Lugar de publicación, distribución, etc [s.l
Nombre del editor, distribuidor, etc. s.n.
Fecha de publicación, distribución, etc 190-?]
300 ## - DESCRIPCIÓN FÍSICA
Extensión 117 p. :
Dimensiones 19 cm.
505 0# - NOTA DE CONTENIDO
Texto normalizado de contenido Nabo, el negro que hizo esperar a los ángeles ; Alguien desordena estas rosas ; La mujer que llegaba a las seis ; Ojos de perro azúl ; Diálogo del espejo ; Amargura para tres sonámbulos ; Eva está dentro de su gato ; La otra costilla de la muerte ; La tercera resignación ; Cinco opiniones sobre un Gabo.
590 ## - NOTA LOCAL
Texto de la nota local Inventariado, 2023/VM
650 #4 - ENCABEZAMIENTO DE MATERIA--TEMÁTICO
Término temático o nombre geográfico como elemento de entrada Cuentos colombianos
650 #4 - ENCABEZAMIENTO DE MATERIA--TEMÁTICO
Término temático o nombre geográfico como elemento de entrada Negros
Subdivisión de forma Cuentos
910 ## - VALIDACIÓN
Validación VMateo V. Control de calidad. BPMSU
942 ## - ADDED ENTRY ELEMENTS (KOHA)
Source of classification or shelving scheme Dewey Decimal Classification
Koha item type Libros
Existencias
Withdrawn status Lost status Source of classification or shelving scheme Damaged status Not for loan Collection code Home library Current library Date acquired Source of acquisition Total Checkouts Full call number Barcode Date last seen Price effective from Koha item type
    Dewey Decimal Classification     Colección General Biblioteca Pública Metropolitana Salomé Ureña Biblioteca Pública Metropolitana Salomé Ureña 04/11/2016 FUNDI   BPMSU CG Co863.44 G216n BPMSU16040327 04/11/2016 04/11/2016 Libros